| 000 | 00723nab a2200205 4500 | ||
|---|---|---|---|
| 999 |
_c372334 _d372334 |
||
| 001 | 90031 | ||
| 003 | OSt | ||
| 005 | 20230331140625.0 | ||
| 007 | tu | ||
| 008 | 110905s2000||||||| | ||
| 040 |
_aDE-2950 _cDE-2950 |
||
| 245 | 0 | 0 |
_aMOZ-Projekt mit Tablets statt gedruckter Zeitung. _bBildung. Füller, Zettel, Kreide und Tafel - das kennen viele noch aus ihrer Schulzeit. Heute regiert mit Beamer & Co. im Klassenzimmer jedoch die digitale Welt / _cManuel Wozniak |
| 264 | _c2023 | ||
| 653 | _aFrankfurt (Oder) | ||
| 653 | _aMärkische Oderzeitung | ||
| 653 | _aMOZ-Projekt "Digital" | ||
| 653 | _aGrundschulen | ||
| 773 | 0 |
_g34. Jahrgang (2023) Nr. 73, 28.03.2023, S. 16: mit Foto _tMärkische Oderzeitung |
|
| 942 |
_2z _cA |
||